000 00354nam a22001337a 4500
020 _qHB.
040 _cFIZZA ISHAQ
082 _a658.4012
_bJOH
100 _aDONOVAN,J.JOHN.
_9133663
245 _aCRISIS IN TECHNOLOGY /
_cJOHN J.DONOVAN.
260 _aNEW YORK ;
_bCambridge Technology Group,
_c1989.
300 _a213 P. ;
_c9.6X6.5IN
942 _2ddc
_cBK
999 _c616626
_d616626